Geografia - quiz wielokrotnego wyboru #3 - Statystyki

Ogólne statystyki
  • Ten quiz został rozwiązany 1 927 razy
    1 890 od ostatniego zresetowania
  • Średni wynik to 12 z 15
Statystyki odpowiedzi
Zagadnienie Odpowiedź % Poprawnych
Które z tych walut istnieje teraz? Frank szwajcarski
97%
Które z tych państw należy do Unii Europejskiej? Polska
97%
Które z tych państw leży w Afryce? Sudan
97%
Które z tych państw graniczy z Morzem Śródziemnym? Chorwacja
91%
Które z tych mórz graniczy z Włochami? Morze Adriatyckie
90%
Które z tych stolic leży najbliżej linii brzegowej? Dublin
89%
Które z tych państw posiada stolicę rozpoczynającą się na literę C? Australia
88%
Które z tych państw jest położone na równiku? Demokratyczna Republika Konga
85%
Które z tych szczytów leży w Stanach Zjednoczonych? Mount Rainier
81%
Które z tych państw wciąż posiada króla? Jordania
79%
Które z tych państw był niezamieszkały w 1 roku n.e.? Islandia
68%
W którym państwie ludność maleje? Rumunia
68%
Które z tych państw leży w Indochinach? Kambodża
66%
Które z tych miast leży w Szkocji? Aberdeen
60%
Które z tych języków jest urzędowym w Republice Południowej Afryki? Xhosa
57%
Nie znaleziono quizów pasujących do podanych kryteriów
Rozkład punktacji
Procent ludzi z każdym wynikiem
Percentyl według liczby udzielonych odpowiedzi
Twoja historia wyników
Nie rozwiązałeś tego quizu od ostatniego zresetowania